| 000 | 00645nam a2200145Ia 4500 | ||
|---|---|---|---|
| 008 | 100122s9999 xx 000 0 und d | ||
| 082 |
_b66624 _a740 |
||
| 100 | _aदेशपांडे राहुल | ||
| 245 | _aरंगमाध्यम परिचय कलर पेन्सिल (क.क्र.8/2) | ||
| 260 |
_bज्योत्स्ना प्रकाशन _c2004 |
||
| 300 | _a47 | ||
| 630 | _aरंगमाध्यम परिचय कलर पेन्सिल (क.क्र.8/2) | ||
| 730 | _aरंगमाध्यम परिचय कलर पेन्सिल (क.क्र.8/2) | ||
| 942 | _cBOOK | ||
| 999 |
_c439091 _d439088 |
||